01222cam a2200301 i 450000100060000000300080000600500170001400800390003102000150007003500190008504000320010404100080013608200220014410000260016624500940019226000480028630000240033450001220035850000200048050400300050065000670053065000500059765100440064765100420069194200120073399900170074595201580076225785BD-RjUL20211209050928.0140319t1976 ctu b 001 0 eng a0837187346 a(BD-RjUL)25855 aDLCcDLCdDLCdBD-RjULbeng aeng00a944.028bSTF 19691 aStone, Donald.97920510aFrance in the sixteenth century :ba medieval society transformed /cby Donald Stone, Jr. aWestport, Conn. :bGreenwood Press,cc1969. ax, 180 p. ;c23 cm. aReprint of the ed. published by Prentice-Hall, Englewood Cliffs, N.J., in series: French literary backgrounds series. aIncludes index. aBibliography: p. 171-175. 0aFrench literaturey16th centuryxHistory and criticism.979206 0aCivilization, Medieval, in literature.956839 0aFrancexCivilizationy1328-1600.979207 0aFrancexHistoryy16th century.979208 2ddccBK c25785d25785 00102ddc40728NFICaRUCLbRUCLcReadingd1974-04-20eEuro bangladesh news agencyg62.50l0o944.028 STF 1969r2014-03-19 00:00:00tC-1w2014-03-19yBK